| 000 | 01329nam a2200337 i 4500 | ||
|---|---|---|---|
| 003 | DO-SdBNP | ||
| 005 | 20251106072416.0 | ||
| 007 | ta | ||
| 008 | 251106b2009 dr d|||| |||| 00| 0 spa d | ||
| 020 | _a9789993489719 | ||
| 040 |
_aDO-SdBNP _bspa _cBNPHU _erda |
||
| 041 | _aspa | ||
| 082 | 4 |
_a364.168 _bA282to 2009 _222 |
|
| 100 | 1 |
_aAguasvivas, Freddy, _d1956- _eautor _4aut. _912355 |
|
| 245 | 1 | 0 |
_aTodas las posibilidades : _bel fascinante y estremecedor relato de uno de los escandalos político-financieros más grandes del mundo / _cFreddy Aguasvivas. |
| 250 | _aCuarta edición | ||
| 264 | 4 |
_aSanto Domingo : _bComunicaciones Sociales & Asesorías, _c©2009. |
|
| 300 |
_a571 páginas : _bgráficos ; _c24 cm. |
||
| 336 |
_atexto _btxt _2rdacontent |
||
| 337 |
_asin mediación _bn _2rdamedia |
||
| 338 |
_avolumen _bnc _2rdacarrier |
||
| 500 | _aIncluye datos biográficos del autor en las solapas | ||
| 590 | _aInventariado, 2025/BT | ||
| 650 | 4 |
_aFraude bancario _zRepública Dominicana _912356 |
|
| 650 | 4 |
_aBancos _xPrácticas corruptas _912357 |
|
| 650 | 4 |
_aDelitos económicos _zRepública Dominicana _912358 |
|
| 650 | 4 |
_aCorrupción política _zRepública Dominicana _911838 |
|
| 650 | 4 |
_aCorrupcion administrativa _zRepública Dominicana _912359 |
|
| 910 | _aValidado. Control de calidad. EMS | ||
| 942 |
_2ddc _cLBS1 |
||
| 999 |
_c60016 _d60016 |
||